BIBLIOTHÈQUE DE LA MAISON DU MEXIQUE

Logo 1 Logo 2

Indios somos con orgullo = 'indio 'otik ja jtz'eb'ojtiki (notice nᵒ 5841)

détails MARC
000 -Sello discográfico
campo de control de longitud fija 01193nam0a2200313 4500
005 - Identificación de versión
campo de control 20251016084532.0
010 ## - Número Estándar Internacional de Libros (ISBN)
Número (ISBN) 968-36-7601-4
035 ## - Otros números de control del sistema
Número de control del sistema 4995
099 ## - fechas locales
Tipo de ítem Koha LIBRO
100 ## - Datos de procesamiento general
Datos de procesamiento general 20120719d20072003m y0spay5003 ba
101 1# - Idioma del recurso
Idioma del texto, banda sonora, etc. Español; Castellano
Idioma de la obra original Malayo
105 ## - Campo de datos codificados: Material textual, monográfico
Datos codificados de monografía y 001gy
200 1# - Título y mención de responsabilidad
Título propio Indios somos con orgullo = 'indio 'otik ja jtz'eb'ojtiki
Designación general del material texto impreso
Otra información del título poesía maya-tojolabal
Primer mención de responsabilidad Recopilación, traducción, notas, comentarios e introducción Carlos Lenkersdorf
205 ## - Declaración de edición
Declaración de edición 1a ed
210 ## - Publicación, distribución, etc.
Lugar de publicación, distribución, etc. México
Nombre del editor, distribuidor, etc. Universidad Nacional Autónoma de México, Instituto de Investigaciones Filológicas, Centro de Estudios Mayas
Fecha de publicación, distribución, etc. 1999
215 ## - Descripción física
Designación de material específico y extensión del ítem 434 p
Dimensiones 23 cm
345 ## - Nota de información de adquisición
Fuente de adquisición/dirección de la suscripción [OBSOLETO] Donación
410 #1 - Series
Título Literatura Indígena Bilingüe
Número de volumen 2
606 ## - Término temático usado como materia
Elemento de entrada Poesía maya
Número Koha 11220
606 ## - Término temático usado como materia
Elemento de entrada Poesía tojolabal
Número Koha 11221
702 ## - Nombre personal - Responsabilidad secundaria
Elemento de entrada Lenkersdorf
Parte del nombre distinta del elemento de entrada Carlos
Fechas 1926-2010
Número Koha 7586
801 #0 - Fuente de origen
País FR
Agencia cm
Reglas de catalogación (convenciones descriptivas) AFNOR
856 4# - Localización electrónica y acceso
Identificador Uniforme de Recurso http://biblioteca.universia.net/html_bura/ficha/params/title/carlos-lenkersdorf-indios-somos-orgullo-poesia-maya-tojobal/id/55498061.html
900 ## -
-- 1/21398
942 ## - ELEMENTOS DE ENTRADA SECUNDARIOS (KOHA)
Tipo de ítem Koha Livre
996 ## -
-- MEX
-- 751145101
-- MMAG
-- 003205
-- 897.41 L566P
-- 20120719LIV
Exemplaires
Estatus retirado Estado de daño Estado de pérdida Fecha de adquisición Biblioteca de origen Biblioteca actual Ubicación en estantería Código de barras Precio de reemplazo Signatura topográfica completa No para préstamo Tipo de ítem Koha Nota pública Nota no pública
      05/08/2025 Casa México Paris Casa México Paris   003205 05/08/2025 897.41 L566P   Livre 20120719LIV 751145101